000 00876nam a22002535i 4500
001 168819
003 ES-MaACL
005 20250814055112.0
008 080612s1964 fre |||| | fra d
080 _a291.216(44)"18"
080 _a061.236.6(44)
100 1 _aWeber, Eugen.
_9116258
245 1 0 _aSatan franc-maçon
_b; la mystification de Léo Taxil /
_cprésenté par Eugen Weber.
260 _aParis :
_bJulliard,
_c[1964]
300 _a239 p., [16] p. de lám. ;
_c18 cm.
490 1 _aCollection archives ;
_v6
504 _aBibliografía: p. 235-236.
600 1 4 _aTaxil, Léo.
_9133151
610 2 7 _aMasonería-
_zFrancia
_2
_9137940
650 4 _aSatanismo-
_zFrancia-
_yS.XIX.
_9137939
830 0 _aCollection archives ;
_v6
_9189026
852 1 _aBA
_jE-12188
_9R.190395
_z.- Biblioteca Jacinto Martínez Lacalle
999 _c168819
_d168819